<?xml version="1.0" encoding="UTF-8"?>
<record
    xmlns:xsi="http://www.w3.org/2001/XMLSchema-instance"
    xsi:schemaLocation="http://www.loc.gov/MARC21/slim http://www.loc.gov/standards/marcxml/schema/MARC21slim.xsd"
    xmlns="http://www.loc.gov/MARC21/slim">

  <leader>03450nam a22005297a 4500</leader>
  <datafield tag="952" ind1=" " ind2=" ">
    <subfield code="0">0</subfield>
    <subfield code="1">0</subfield>
    <subfield code="2">lcc</subfield>
    <subfield code="4">0</subfield>
    <subfield code="7">0</subfield>
    <subfield code="a">20</subfield>
    <subfield code="b">20</subfield>
    <subfield code="d">2016-02-07</subfield>
    <subfield code="l">3</subfield>
    <subfield code="m">2</subfield>
    <subfield code="o">BF721 B4718</subfield>
    <subfield code="p">20 003055</subfield>
    <subfield code="r">2019-04-27</subfield>
    <subfield code="s">2019-04-27</subfield>
    <subfield code="t">1</subfield>
    <subfield code="w">2016-02-07</subfield>
    <subfield code="y">LB</subfield>
  </datafield>
  <datafield tag="952" ind1=" " ind2=" ">
    <subfield code="0">0</subfield>
    <subfield code="1">0</subfield>
    <subfield code="2">lcc</subfield>
    <subfield code="4">0</subfield>
    <subfield code="7">0</subfield>
    <subfield code="a">14</subfield>
    <subfield code="b">14</subfield>
    <subfield code="d">2016-02-03</subfield>
    <subfield code="l">2</subfield>
    <subfield code="o">BF721 B46h 2011</subfield>
    <subfield code="p">14 006100</subfield>
    <subfield code="r">2018-03-08</subfield>
    <subfield code="s">2018-03-08</subfield>
    <subfield code="t">1</subfield>
    <subfield code="w">2016-02-10</subfield>
    <subfield code="y">LB</subfield>
  </datafield>
  <datafield tag="952" ind1=" " ind2=" ">
    <subfield code="0">0</subfield>
    <subfield code="1">0</subfield>
    <subfield code="2">lcc</subfield>
    <subfield code="4">0</subfield>
    <subfield code="7">0</subfield>
    <subfield code="a">11</subfield>
    <subfield code="b">11</subfield>
    <subfield code="d">2016-02-23</subfield>
    <subfield code="l">0</subfield>
    <subfield code="o">BF721 B4618 2011</subfield>
    <subfield code="p">11 012955</subfield>
    <subfield code="r">2016-02-23</subfield>
    <subfield code="t">1</subfield>
    <subfield code="w">2016-02-23</subfield>
    <subfield code="y">LB</subfield>
  </datafield>
  <datafield tag="952" ind1=" " ind2=" ">
    <subfield code="0">0</subfield>
    <subfield code="1">0</subfield>
    <subfield code="4">0</subfield>
    <subfield code="7">0</subfield>
    <subfield code="a">03</subfield>
    <subfield code="b">03</subfield>
    <subfield code="d">2016-03-08</subfield>
    <subfield code="l">0</subfield>
    <subfield code="o">BF721 B46 2011</subfield>
    <subfield code="p">03 008943</subfield>
    <subfield code="r">2016-03-08</subfield>
    <subfield code="t">1</subfield>
    <subfield code="w">2016-03-08</subfield>
    <subfield code="y">LB</subfield>
  </datafield>
  <datafield tag="952" ind1=" " ind2=" ">
    <subfield code="0">0</subfield>
    <subfield code="1">0</subfield>
    <subfield code="2">lcc</subfield>
    <subfield code="4">0</subfield>
    <subfield code="7">0</subfield>
    <subfield code="a">07</subfield>
    <subfield code="b">07</subfield>
    <subfield code="d">2016-04-04</subfield>
    <subfield code="l">0</subfield>
    <subfield code="o">BF721 B46 2011</subfield>
    <subfield code="p">07 005692</subfield>
    <subfield code="r">2016-04-04</subfield>
    <subfield code="t">1</subfield>
    <subfield code="w">2016-04-04</subfield>
    <subfield code="y">LB</subfield>
  </datafield>
  <datafield tag="952" ind1=" " ind2=" ">
    <subfield code="0">0</subfield>
    <subfield code="1">0</subfield>
    <subfield code="2">lcc</subfield>
    <subfield code="4">0</subfield>
    <subfield code="7">0</subfield>
    <subfield code="a">08</subfield>
    <subfield code="b">08</subfield>
    <subfield code="d">2016-04-15</subfield>
    <subfield code="l">3</subfield>
    <subfield code="o">BF721 B46 2011</subfield>
    <subfield code="p">08 005821</subfield>
    <subfield code="r">2018-07-03</subfield>
    <subfield code="s">2018-07-03</subfield>
    <subfield code="t">1</subfield>
    <subfield code="w">2016-04-15</subfield>
    <subfield code="y">LB</subfield>
  </datafield>
  <datafield tag="952" ind1=" " ind2=" ">
    <subfield code="0">0</subfield>
    <subfield code="1">0</subfield>
    <subfield code="4">0</subfield>
    <subfield code="7">0</subfield>
    <subfield code="a">11</subfield>
    <subfield code="b">11</subfield>
    <subfield code="d">2016-04-21</subfield>
    <subfield code="l">0</subfield>
    <subfield code="o">BF721 B4618 2011</subfield>
    <subfield code="p">11 013002</subfield>
    <subfield code="r">2016-04-21</subfield>
    <subfield code="t">2</subfield>
    <subfield code="w">2016-04-21</subfield>
    <subfield code="y">LB</subfield>
  </datafield>
  <datafield tag="952" ind1=" " ind2=" ">
    <subfield code="0">0</subfield>
    <subfield code="1">0</subfield>
    <subfield code="4">0</subfield>
    <subfield code="7">0</subfield>
    <subfield code="a">19</subfield>
    <subfield code="b">19</subfield>
    <subfield code="d">2016-04-22</subfield>
    <subfield code="l">0</subfield>
    <subfield code="o">BF721 B4718</subfield>
    <subfield code="p">19 002532</subfield>
    <subfield code="r">2016-04-22</subfield>
    <subfield code="t">1</subfield>
    <subfield code="w">2016-04-22</subfield>
    <subfield code="y">LB</subfield>
  </datafield>
  <datafield tag="952" ind1=" " ind2=" ">
    <subfield code="0">0</subfield>
    <subfield code="1">0</subfield>
    <subfield code="4">0</subfield>
    <subfield code="7">0</subfield>
    <subfield code="a">04</subfield>
    <subfield code="b">04</subfield>
    <subfield code="d">2016-04-25</subfield>
    <subfield code="l">0</subfield>
    <subfield code="o">BF721 B4718</subfield>
    <subfield code="p">04 006177</subfield>
    <subfield code="r">2016-04-25</subfield>
    <subfield code="t">1</subfield>
    <subfield code="w">2016-04-25</subfield>
    <subfield code="y">LB</subfield>
  </datafield>
  <datafield tag="952" ind1=" " ind2=" ">
    <subfield code="0">0</subfield>
    <subfield code="1">0</subfield>
    <subfield code="4">0</subfield>
    <subfield code="7">0</subfield>
    <subfield code="a">04</subfield>
    <subfield code="b">04</subfield>
    <subfield code="d">2016-04-25</subfield>
    <subfield code="l">0</subfield>
    <subfield code="o">BF721 B4718</subfield>
    <subfield code="p">04 006178</subfield>
    <subfield code="r">2016-04-25</subfield>
    <subfield code="t">2</subfield>
    <subfield code="w">2016-04-25</subfield>
    <subfield code="y">LB</subfield>
  </datafield>
  <datafield tag="952" ind1=" " ind2=" ">
    <subfield code="0">0</subfield>
    <subfield code="1">0</subfield>
    <subfield code="2">lcc</subfield>
    <subfield code="4">0</subfield>
    <subfield code="7">0</subfield>
    <subfield code="a">13</subfield>
    <subfield code="b">13</subfield>
    <subfield code="d">2016-05-21</subfield>
    <subfield code="l">0</subfield>
    <subfield code="o">BF721 B461 2011</subfield>
    <subfield code="p">13 003790</subfield>
    <subfield code="r">2022-10-25</subfield>
    <subfield code="t">1</subfield>
    <subfield code="w">2016-05-21</subfield>
    <subfield code="y">LB</subfield>
  </datafield>
  <datafield tag="952" ind1=" " ind2=" ">
    <subfield code="0">0</subfield>
    <subfield code="1">0</subfield>
    <subfield code="2">lcc</subfield>
    <subfield code="4">0</subfield>
    <subfield code="7">0</subfield>
    <subfield code="a">13</subfield>
    <subfield code="b">13</subfield>
    <subfield code="d">2016-05-21</subfield>
    <subfield code="l">0</subfield>
    <subfield code="o">BF721 B461 2011</subfield>
    <subfield code="p">13 003791</subfield>
    <subfield code="r">2022-12-06</subfield>
    <subfield code="t">2</subfield>
    <subfield code="w">2016-05-21</subfield>
    <subfield code="y">LB</subfield>
  </datafield>
  <datafield tag="952" ind1=" " ind2=" ">
    <subfield code="0">0</subfield>
    <subfield code="1">0</subfield>
    <subfield code="2">lcc</subfield>
    <subfield code="4">0</subfield>
    <subfield code="7">0</subfield>
    <subfield code="a">15</subfield>
    <subfield code="b">15</subfield>
    <subfield code="d">2016-02-01</subfield>
    <subfield code="l">0</subfield>
    <subfield code="o">155.424 B495c 2011</subfield>
    <subfield code="p">15 007843</subfield>
    <subfield code="r">2017-12-07</subfield>
    <subfield code="t">1</subfield>
    <subfield code="w">2016-06-01</subfield>
    <subfield code="y">LB</subfield>
  </datafield>
  <datafield tag="952" ind1=" " ind2=" ">
    <subfield code="0">0</subfield>
    <subfield code="1">0</subfield>
    <subfield code="2">lcc</subfield>
    <subfield code="4">0</subfield>
    <subfield code="7">0</subfield>
    <subfield code="a">22</subfield>
    <subfield code="b">22</subfield>
    <subfield code="d">2016-06-02</subfield>
    <subfield code="l">13</subfield>
    <subfield code="o">BF721 B4718 2011</subfield>
    <subfield code="p">06 003114</subfield>
    <subfield code="r">2019-11-28</subfield>
    <subfield code="s">2019-11-28</subfield>
    <subfield code="t">1</subfield>
    <subfield code="w">2016-06-02</subfield>
    <subfield code="y">LB</subfield>
  </datafield>
  <datafield tag="952" ind1=" " ind2=" ">
    <subfield code="0">0</subfield>
    <subfield code="1">0</subfield>
    <subfield code="2">lcc</subfield>
    <subfield code="4">0</subfield>
    <subfield code="7">0</subfield>
    <subfield code="a">20</subfield>
    <subfield code="b">20</subfield>
    <subfield code="d">2016-06-25</subfield>
    <subfield code="l">1</subfield>
    <subfield code="m">1</subfield>
    <subfield code="o">BF721 B4718</subfield>
    <subfield code="p">20 003273</subfield>
    <subfield code="r">2025-03-29</subfield>
    <subfield code="s">2017-07-15</subfield>
    <subfield code="t">2</subfield>
    <subfield code="w">2016-06-25</subfield>
    <subfield code="y">LB</subfield>
  </datafield>
  <datafield tag="952" ind1=" " ind2=" ">
    <subfield code="0">0</subfield>
    <subfield code="1">0</subfield>
    <subfield code="2">lcc</subfield>
    <subfield code="4">0</subfield>
    <subfield code="7">0</subfield>
    <subfield code="a">14</subfield>
    <subfield code="b">14</subfield>
    <subfield code="d">2016-02-18</subfield>
    <subfield code="l">1</subfield>
    <subfield code="o">BF721 B46h 2011</subfield>
    <subfield code="p">14 006441</subfield>
    <subfield code="r">2018-01-11</subfield>
    <subfield code="s">2018-01-08</subfield>
    <subfield code="t">2</subfield>
    <subfield code="w">2016-07-07</subfield>
    <subfield code="y">LB</subfield>
  </datafield>
  <datafield tag="952" ind1=" " ind2=" ">
    <subfield code="0">0</subfield>
    <subfield code="1">0</subfield>
    <subfield code="2">lcc</subfield>
    <subfield code="4">0</subfield>
    <subfield code="7">0</subfield>
    <subfield code="a">14</subfield>
    <subfield code="b">14</subfield>
    <subfield code="d">2016-02-18</subfield>
    <subfield code="l">2</subfield>
    <subfield code="o">BF721 B46h 2011</subfield>
    <subfield code="p">14 006442</subfield>
    <subfield code="r">2019-08-31</subfield>
    <subfield code="s">2019-08-30</subfield>
    <subfield code="t">3</subfield>
    <subfield code="w">2016-07-07</subfield>
    <subfield code="y">LB</subfield>
  </datafield>
  <datafield tag="952" ind1=" " ind2=" ">
    <subfield code="0">0</subfield>
    <subfield code="1">0</subfield>
    <subfield code="2">lcc</subfield>
    <subfield code="4">0</subfield>
    <subfield code="7">0</subfield>
    <subfield code="a">21</subfield>
    <subfield code="b">21</subfield>
    <subfield code="d">2016-08-17</subfield>
    <subfield code="l">3</subfield>
    <subfield code="o">BF721 B46 2011</subfield>
    <subfield code="p">21 003159</subfield>
    <subfield code="r">2017-09-29</subfield>
    <subfield code="s">2017-09-29</subfield>
    <subfield code="t">1</subfield>
    <subfield code="w">2016-08-17</subfield>
    <subfield code="y">LB</subfield>
  </datafield>
  <datafield tag="952" ind1=" " ind2=" ">
    <subfield code="0">0</subfield>
    <subfield code="1">0</subfield>
    <subfield code="4">0</subfield>
    <subfield code="7">0</subfield>
    <subfield code="a">18</subfield>
    <subfield code="b">18</subfield>
    <subfield code="d">2017-01-17</subfield>
    <subfield code="l">0</subfield>
    <subfield code="o">BF721 B46</subfield>
    <subfield code="p">18 004226</subfield>
    <subfield code="r">2017-01-17</subfield>
    <subfield code="t">1</subfield>
    <subfield code="w">2017-01-17</subfield>
    <subfield code="y">LB</subfield>
  </datafield>
  <datafield tag="999" ind1=" " ind2=" ">
    <subfield code="c">98821</subfield>
    <subfield code="d">98821</subfield>
  </datafield>
  <controlfield tag="005">20231102151908.0</controlfield>
  <controlfield tag="008">160207s2011    mx ||||| |||| 00| 0 spa d</controlfield>
  <datafield tag="020" ind1=" " ind2=" ">
    <subfield code="a">9788449325441</subfield>
  </datafield>
  <datafield tag="050" ind1=" " ind2="4">
    <subfield code="a">BF721</subfield>
    <subfield code="b">B4718</subfield>
  </datafield>
  <datafield tag="082" ind1=" " ind2=" ">
    <subfield code="a">155.424 </subfield>
    <subfield code="b">B495c</subfield>
  </datafield>
  <datafield tag="100" ind1="1" ind2=" ">
    <subfield code="a">Bergese, Rebecca </subfield>
    <subfield code="e">autor</subfield>
  </datafield>
  <datafield tag="240" ind1="1" ind2="0">
    <subfield code="a">Understanding 10-11 years old</subfield>
    <subfield code="l">espa&#xF1;ol</subfield>
  </datafield>
  <datafield tag="245" ind1="1" ind2="0">
    <subfield code="a">Comprendiendo a tu hijo de 10-11 a&#xF1;os</subfield>
    <subfield code="c"> / Rebecca Bergese ; traducci&#xF3;n Fernando Borrajo</subfield>
  </datafield>
  <datafield tag="260" ind1="3" ind2=" ">
    <subfield code="a">Espa&#xF1;a</subfield>
    <subfield code="b"> : Paid&#xF3;s </subfield>
    <subfield code="c"> , 2011</subfield>
  </datafield>
  <datafield tag="300" ind1=" " ind2=" ">
    <subfield code="a">120 p&#xE1;ginas</subfield>
  </datafield>
  <datafield tag="490" ind1=" " ind2=" ">
    <subfield code="a">Nueva Clinica Tavistock </subfield>
  </datafield>
  <datafield tag="500" ind1=" " ind2=" ">
    <subfield code="a">Incluye:
Sumario
Agradecimientos
pr&#xF3;logo
Introducci&#xF3;n
Lecturas recomendadas
&#xCD;ndice anal&#xED;tico</subfield>
  </datafield>
  <datafield tag="505" ind1="1" ind2=" ">
    <subfield code="a">La vida familiar
Cambios de familia: separaciones, rupturas y muerte de seres queridos
Vida social
Cambios corporales, cambios personales
La vida en el colegio
Tiempos dif&#xED;ciles: cuando se necesita ayuda</subfield>
  </datafield>
  <datafield tag="519" ind1=" " ind2=" ">
    <subfield code="a">Educaci&#xF3;n Mixta / </subfield>
    <subfield code="b">Pedagogia / </subfield>
    <subfield code="c">Educaci&#xF3;n Familiar (P17-) / </subfield>
    <subfield code="d">(08 005821)</subfield>
  </datafield>
  <datafield tag="519" ind1=" " ind2=" ">
    <subfield code="a">Educaci&#xF3;n Mixta /
</subfield>
    <subfield code="b">Pedagogia / 
</subfield>
    <subfield code="c">Educaci&#xF3;n Familiar (P17-3) / 
</subfield>
    <subfield code="d">(20 003055) 
</subfield>
  </datafield>
  <datafield tag="519" ind1=" " ind2=" ">
    <subfield code="a">Plan Flexible /
</subfield>
    <subfield code="b">Pedagogia / 
</subfield>
    <subfield code="c">Educaci&#xF3;n Familiar (P17-3) / </subfield>
    <subfield code="d">(20 003273)</subfield>
  </datafield>
  <datafield tag="519" ind1=" " ind2=" ">
    <subfield code="a">Educaci&#xF3;n Mixta / </subfield>
    <subfield code="b">Pedagogia / </subfield>
    <subfield code="c">Educaci&#xF3;n Familiar (P17-L3) /</subfield>
    <subfield code="d"> (14 006100) </subfield>
  </datafield>
  <datafield tag="519" ind1=" " ind2=" ">
    <subfield code="a">Educaci&#xF3;n Mixta / </subfield>
    <subfield code="b">Psicolog&#xED;a / </subfield>
    <subfield code="c">Problemas Psicopedag&#xF3;gicos en Educaci&#xF3;n (P27-4) /</subfield>
    <subfield code="d">(03 008943)</subfield>
  </datafield>
  <datafield tag="519" ind1=" " ind2=" ">
    <subfield code="a">Educaci&#xF3;n Mixta /</subfield>
    <subfield code="b">Pedagogia / </subfield>
    <subfield code="c">Educaci&#xF3;n Familiar (P17-2) / </subfield>
    <subfield code="d">(07 005691) </subfield>
  </datafield>
  <datafield tag="519" ind1=" " ind2=" ">
    <subfield code="a">Educaci&#xF3;n Mixta / </subfield>
    <subfield code="b">Pedagogia / </subfield>
    <subfield code="c">Educaci&#xF3;n Familiar (P17-) / </subfield>
    <subfield code="d">(04 006177)</subfield>
  </datafield>
  <datafield tag="519" ind1=" " ind2=" ">
    <subfield code="a">Educaci&#xF3;n Mixta / </subfield>
    <subfield code="b">Psicolog&#xED;a / </subfield>
    <subfield code="c">Problemas Psicopedag&#xF3;gicos en Educaci&#xF3;n (P27-) / </subfield>
    <subfield code="d">(04 006178)</subfield>
  </datafield>
  <datafield tag="519" ind1=" " ind2=" ">
    <subfield code="a">Educaci&#xF3;n Mixta / </subfield>
    <subfield code="b">Pedagog&#xED;a / </subfield>
    <subfield code="c">Educaci&#xF3;n Familiar (P17-) /</subfield>
    <subfield code="d">(13 003790, 13 0037991)</subfield>
  </datafield>
  <datafield tag="519" ind1=" " ind2=" ">
    <subfield code="a">Educaci&#xF3;n Mixta / </subfield>
    <subfield code="b">Pedagog&#xED;a / </subfield>
    <subfield code="c">Psicolog&#xED;a del Desarrollo Infantil II (B05-) /</subfield>
    <subfield code="d">(11 012955)</subfield>
  </datafield>
  <datafield tag="519" ind1=" " ind2=" ">
    <subfield code="a">Material Complementario / </subfield>
    <subfield code="d">(06 003114)</subfield>
  </datafield>
  <datafield tag="519" ind1=" " ind2=" ">
    <subfield code="a">Plan Flexible / </subfield>
    <subfield code="b">Pedagog&#xED;a / </subfield>
    <subfield code="d">(21 003159)</subfield>
  </datafield>
  <datafield tag="519" ind1=" " ind2=" ">
    <subfield code="a">Educaci&#xF3;n Mixta / </subfield>
    <subfield code="b">Pedagog&#xED;a / </subfield>
    <subfield code="c">Psicolog&#xED;a del Desarrollo Infantil II (B05-1) / </subfield>
    <subfield code="d">(18 004226)</subfield>
  </datafield>
  <datafield tag="519" ind1=" " ind2=" ">
    <subfield code="a">Educaci&#xF3;n Mixta / </subfield>
    <subfield code="b">Pedagogia / </subfield>
    <subfield code="c">Educaci&#xF3;n Familiar (P17-5) / </subfield>
    <subfield code="d">(19 002532)</subfield>
  </datafield>
  <datafield tag="519" ind1=" " ind2=" ">
    <subfield code="a">Material Complementario / </subfield>
    <subfield code="d">(15 007843)</subfield>
  </datafield>
  <datafield tag="650" ind1="1" ind2="0">
    <subfield code="a">PISICOLOG&#xCD;A INFANTIL</subfield>
  </datafield>
  <datafield tag="650" ind1="2" ind2="0">
    <subfield code="a">EDUCACI&#xD3;N INFANTIL</subfield>
  </datafield>
  <datafield tag="700" ind1="1" ind2=" ">
    <subfield code="a">Borrajo, Fernando</subfield>
    <subfield code="e">traductor</subfield>
  </datafield>
  <datafield tag="942" ind1=" " ind2=" ">
    <subfield code="c">LB</subfield>
    <subfield code="2">lcc</subfield>
  </datafield>
</record>
